000 00527nam a2200169Ia 4500
005 20250508153206.0
008 008 250505s9999 xx 000 0 eng d
037 _aTextual
040 _aFEDL
_beng
_cFEDL
041 _aeng
_2eng
084 _a309.23, IND
_qFEDL
245 0 _aResources for the third five year plan : A research study and analysis
260 _aBombay, India
_bThe Indian Merchants' Chamber Economic Research
300 _a148p.
942 _cTEXL
_h309.23, IND
999 _c1341147
_d1341147